| 000 | 00461pab a2200169 454500 | ||
|---|---|---|---|
| 008 | 180718b1967 xxu||||| |||| 00| 0 eng d | ||
| 100 | _aMukherjee, Subrata Kumar | ||
| 245 | _aSome aspects of the Panchayat system in West Bengal | ||
| 260 | _c1967 | ||
| 300 | _ap.313-347. | ||
| 362 | _aApr-Jun | ||
| 650 | _aPanchayat - India - West Bengal | ||
| 650 | _aPanchayat | ||
| 773 | _aIndian Journal of Public Administration | ||
| 908 | _aN | ||
| 909 | _a100184 | ||
| 999 |
_c100183 _d100183 |
||